Der ganze Rationalismus einer Welt von Gegensaetzen : Fallstudien zur Doppelvernunft
Αποθηκεύτηκε σε:
| Κύριος συγγραφέας: | |
|---|---|
| Μορφή: | Βιβλίο |
| Γλώσσα: | German |
| Δημοσίευση: |
Frankfurt am Main :
Suhrkamp,
1994
|
| Σειρά: | Suhrkamp Taschenbuch Wissenschaft ;
; 1115 |
| Θέματα: | |
| Ετικέτες: |
Προσθήκη ετικέτας
Δεν υπάρχουν, Καταχωρήστε ετικέτα πρώτοι!
|
MARC
| LEADER | 00000nam a2200000 i 4500 | ||
|---|---|---|---|
| 001 | 1/11971 | ||
| 008 | 000919s1994 ger d | ||
| 020 | |a 3-518-28715-x | ||
| 035 | |l 10064034 | ||
| 040 | |a GR-MY-UA |b gre |e aacr | ||
| 041 | 0 | |a ger | |
| 082 | 0 | |a 149.7 | |
| 100 | 1 | |a Spinner, Helmut F. |d 1937- | |
| 245 | 1 | 4 | |a Der ganze Rationalismus einer Welt von Gegensaetzen : |b Fallstudien zur Doppelvernunft / |c Helmut F. Spinner |
| 260 | |a Frankfurt am Main : |b Suhrkamp, |c 1994 | ||
| 300 | |a 304 p.; |c 20 cm | ||
| 490 | 1 | |a Suhrkamp Taschenbuch Wissenschaft |v ; 1115 | |
| 650 | 0 | 0 | |a Rationalism. |
| 650 | 0 | 0 | |a Reason. |
| 830 | 0 | |a Suhrkamp Taschenbuch Wissenschaft ; |v ; 1115 | |
| 852 | |a INST |b RHODES |e 20000919 |h 149.7 SPI |p 005400011453 |q 005400011453 |t BK |y 0 | ||
| 909 | |a Ρ |b 046447 | ||
| 922 | |a 4ΕΛΗ |b 199512 |c ΧΙΩΤΑΚΗΣ | ||
| 970 | |z 2000/09/ΧΡΥΣΑΝΘΗ | ||